[Event "Budapest Karacsonyi op 4th"]
[White "Kovacsy, Barnabas"]
[Black "Nemes Nagy, Peter"]
[Site "Budapest"]
[Round "7"]
[Result "1/2-1/2"]
[Date "2012.12.30"]
[WhiteElo "1538"]
[BlackElo "1515"]
[PlyCount "59"]
[EventDate "2012.12.27"]
[EventType "swiss"]
[EventRounds "7"]
[EventCountry "HUN"]
[SourceTitle "EXT 2014"]
[Source "ChessBase"]
[SourceDate "2013.11.20"]
[SourceVersion "1"]
[SourceVersionDate "2013.11.20"]
[SourceQuality "1"]

1. e4 e5 2. Nf3 Nc6 3. Bb5 Bc5 4. 0-0 Nge7 5. Nc3 a6 6. Be2 d6 7. d3 0-0 8. Bg5 f6 9. Bh4 Be6 10. a3 b5 11. h3 Qd7 12. Bg3 Nd4 13. Nxd4 Bxd4 14. Rb1 a5 15. Bf3 Bb6 16. Qd2 c6 17. Bh2 f5 18. exf5 Bxf5 19. Qe2 Rf6 20. Nxb5 Raf8 21. Nc3 Bxh3 22. Ne4 Rg6 23. Ng3 Be6 24. Be4 Nf5 25. Nxf5 Bxf5 26. c4 Bxe4 27. Qxe4 Rg4 28. Qe2 Qf5 29. g3 Rg5 30. Rbe1 1/2-1/2

[Event "Budapest Karacsonyi op 4th"]
[White "Nemes Nagy, Peter"]
[Black "Zsatkovics, Endre"]
[Site "Budapest"]
[Round "3"]
[Result "0-1"]
[Date "2012.12.28"]
[WhiteElo "1515"]
[BlackElo "1727"]
[PlyCount "88"]
[EventDate "2012.12.27"]
[EventType "swiss"]
[EventRounds "7"]
[EventCountry "HUN"]
[SourceTitle "EXT 2014"]
[Source "ChessBase"]
[SourceDate "2013.11.20"]
[SourceVersion "1"]
[SourceVersionDate "2013.11.20"]
[SourceQuality "1"]

1. e4 e5 2. Nf3 Nc6 3. d4 exd4 4. Bc4 Nf6 5. Ng5 Ne5 6. Qxd4 Nxc4 7. Qxc4 d5 8. exd5 h6 9. Ne4 Nxd5 10. 0-0 Be7 11. Qa4+ Qd7 12. Qd4 0-0 13. a3 Nf6 14. Qxd7 Bxd7 15. Nbc3 Nxe4 16. Nxe4 f5 17. Nc3 g5 18. Nd5 Bd6 19. f4 g4 20. b4 Bc6 21. Nc3 a6 22. Bd2 b5 23. Rfe1 Rfe8 24. g3 Bf3 25. Rxe8+ Rxe8 26. Re1 Rxe1+ 27. Bxe1 c5 28. Na2 Be4 29. c3 Kf7 30. Kf2 Ke6 31. Ke3 Kd5 32. Kd2 Bb1 33. Nc1 Kc4 34. Ke3 cxb4 35. axb4 Bc7 36. Ne2 Bb6+ 37. Nd4 a5 38. bxa5 Bxa5 39. Ne2 Bd3 40. Nc1 Bb6+ 41. Kd2 Bf1 42. Ne2 Ba5 43. Ke3 Bxe2 44. Kxe2 Bxc3 0-1